Statistics for British Cities by Railway Station (HARD)

Click here to take the quiz!

General Stats

  • This quiz has been taken 17 times
    (16 since last reset)
  • The average score is 8 of 64

Answer Stats

Answer% Correct
London
92%
Glasgow
75%
Liverpool
67%
Birkenhead
42%
Edinburgh
42%
Milton Keynes
33%
Sheffield
33%
Cardiff
25%
Coventry
25%
Huddersfield
25%
Middlesbrough
25%
Birmingham
17%
Bolton
17%
Brighton
17%
Doncaster
17%
Dundee
17%
Luton
17%
Northampton
17%
Nottingham
17%
Oxford
17%
Peterborough
17%
York
17%
Aberdeen
8%
Bristol
8%
Cambridge
8%
Derby
8%
Durham
8%
Gloucester
8%
Ipswich
8%
Leeds
8%
Leicester
8%
Lincoln
8%
Manchester
8%
Newcastle
8%
Norwich
8%
Plymouth
8%
Portsmouth
8%
Preston
8%
Reading
8%
Southampton
8%
Stoke-on-Trent
8%
Sunderland
8%
Swansea
8%
Blackpool
0%
Bournemouth
0%
Bradford
0%
Chelmsford
0%
Colchester
0%
Dudley
0%
Exeter
0%
Hull
0%
Maidstone
0%
Newport
0%
Poole
0%
Salford
0%
Slough
0%
Solihull
0%
Southend-on-Sea
0%
Swindon
0%
Telford
0%
Walsall
0%
Warrington
0%
Watford
0%
Wolverhampton
0%

Score Distribution

Percentile by Number Answered

Percent of People with Each Score

Your Score History

You have not taken this quiz since the last reset